000 00399cam a22001217a 4500
008 180718b1958 xxu||||| |||| 00| 0 eng d
082 _aB11x5 In7
245 _aTraditional oultures in south-east Asia
_cby Institute of Traditional Cultures, Madras
260 _aCalcutta
_bOrient Longman
_c1958
300 _a270p.
650 _aCulture - Asia, South-East
700 _aInstitute of Traditional Cultures
999 _c370740
_d370740